000
00247nam a22000977a 4500
008
131202t xxu||||| |||| 00| 0 eng d
100
_q
Paul Beringer
_9
351
245
_a
Remington
_b
The science and practice of Pharmacy
300
_a
340
942
_2
ddc
_c
BK
999
_c
16620
_d
16620